[Event "AUT-ch U10"]
[Site "Velden"]
[Date "2014.06.21"]
[Round "4"]
[White "Krammer, Jan Elias"]
[Black "Bertignoll, Noa"]
[Result "1-0"]
[WhiteElo "911"]
[BlackElo "1044"]
[PlyCount "67"]
[EventDate "2014.06.20"]
[EventType "swiss"]
[EventRounds "7"]
[EventCountry "AUT"]
[SourceTitle "EXT 2016"]
[Source "ChessBase"]
[SourceDate "2015.10.08"]
[SourceVersion "1"]
[SourceVersionDate "2015.10.08"]
[SourceQuality "1"]

1. e4 e5 2. Nf3 Nc6 3. Bc4 Nf6 4. Nc3 Nxe4 5. d3 Nxc3 6. bxc3 Bd6 7. Bd5 h6 8. d4 0-0 9. g4 exd4 10. cxd4 Re8+ 11. Kf1 Be7 12. Bb3 d5 13. h3 Be6 14. c3 Bf6 15. Bc2 Rc8 16. Rg1 g5 17. Qd3 Bg7 18. Qh7+ Kf8 19. Ba3+ Ne7 20. Bf5 b6 21. Re1 c5 22. Bxe6 fxe6 23. Rxe6 Nc6 24. Rg6 Re7 25. Kg2 Rcc7 26. Bb2 cxd4 27. cxd4 Red7 28. Ba3+ Ke8 29. Re1+ Re7 30. Bxe7 Rxe7 31. Qg8+ Bf8 32. Rxc6 Rxe1 33. Nxe1 Kd7 34. Qe6# 1-0

[Event "AUT-ch U10"]
[Site "Velden"]
[Date "2014.06.20"]
[Round "1"]
[White "Bertignoll, Noa"]
[Black "Guskic, Andrija"]
[Result "0-1"]
[WhiteElo "1044"]
[BlackElo "1356"]
[PlyCount "38"]
[EventDate "2014.06.20"]
[EventType "swiss"]
[EventRounds "7"]
[EventCountry "AUT"]
[SourceTitle "EXT 2016"]
[Source "ChessBase"]
[SourceDate "2015.10.08"]
[SourceVersion "1"]
[SourceVersionDate "2015.10.08"]
[SourceQuality "1"]

1. e4 e5 2. Nf3 Nc6 3. Nc3 Nf6 4. Bc4 Nxe4 5. Nxe4 d5 6. Bxd5 Qxd5 7. Nc3 Qd8 8. 0-0 Bd6 9. Re1 0-0 10. d3 Bg4 11. h3 Bh5 12. Be3 f5 13. Bd2 Nd4 14. Be3 Nxf3+ 15. gxf3 Qh4 16. Kh2 e4+ 17. Kg2 Bxf3+ 18. Kf1 Qxh3+ 19. Kg1 Bh2# 0-1